000 00491nam a22001817a 4500
003 CEME
005 20210628202531.0
008 210105b xxu||||| |||| 00| 0 eng d
020 _a9780324590869
040 _c.
082 _a 658.421 KUR
100 _aKuratko, D.F ,Rao.T.V
_960388
245 _a Entrepreneurship ,a south asian perspective
260 _aINDIA
_bCENGAGE LEARNING
_c2012
300 _aXXXII, 605P
650 _aTEXTBOOK-MTS.ENTREPRENEURSHIP
_960389
942 _cBK
_2ddc
999 _c570120
_d570120